| 000 | 00574nam a22002057a 4500 | ||
|---|---|---|---|
| 005 | 2008102105175.0 | ||
| 008 | 081021t xxu||||| |||| 00| 0 eng d | ||
| 010 | _aENG-84197 | ||
| 020 | _a0195684052 | ||
| 020 | _c245.00 (pbk) | ||
| 035 | _aEN-67730 | ||
| 082 | _a954.16 | ||
| 100 | _aUpinder Singh | ||
| 245 |
_aAncient Delhi / _cby Upinder Singh |
||
| 260 |
_aNew Delhi _bOxford University Press |
||
| 260 | _c2006 | ||
| 300 |
_axxxviii,114p _c22cm |
||
| 500 | _aIncludes bibliographical references and index | ||
| 942 |
_2ddc _cEN _h954.16 _mUPI |
||
| 999 |
_c17159 _d17159 |
||